000 01018nam a2200253 i 4500
001 33591
003 ES-MaACL
005 20251012191941.0
007 t|
008 030202s1950 sp |||| | spa d
100 1 _aMaldonado, Juan de,
_d1533-1583
_9162949
245 1 0 _aComentarios a los cuatro Evangelios.
_nI,
_pEvangelio de San Mateo /
_cJuan de Maldonado ; versión castellana con introducción y notas por Luis María Jiménez Font ; introducción general por José Caballero.
246 3 _aEvangelio de San Mateo
260 _aMadrid :
_bLa Editorial Católica,
_c1950.
300 _aVIII, 1159 p. ;
_c20 cm.
490 1 _aBiblioteca de autores cristianos ;
_v59
630 0 4 _aBiblia.
_pN.T.
_pEvangelio según Mateo-
_vComentarios.
_9144757
700 1 _aJiménez Font, Luis María.
_966524
700 1 _aCaballero, José,
_d1899-1983
_9138728
830 1 0 _aBiblioteca de autores cristianos
_v59
_9178679
852 _aES-MaACL
_jE-3638
852 _aES-MaACL
_jJ-57
999 _c33591
_d33591